000 00629nam a2200205Ii 4500
003 JO-AjNU
008 230605s9999||||xx |||||||||||||| ||und||
040 _aJO-AjNU
_bara
_erda
_cJO-AjNU
041 _aara
050 1 4 _aBD232.A9264.1986
100 3 _aالعوا،عادل,
_eauthor
_914028
245 0 0 _aالعمدة في فلسفة القيم
250 _aط1
264 3 1 _aدمشق:طلاس للدراسات والترجمة والنشر ، 1986
300 _a729ص
336 _atext
_btxt
_2rdacontent
337 _aunmediated
_bn
_2rdamedia
338 _avolume
_bnc
_2rdacarrier
650 4 _aقيمة-فلسفة
_914029
999 _aA3643
_c7211
_d7211